Divided and conquered : the French high command and the defeat of the West, 1940 /

Bibliographic Details
Main Author: Gunsburg, Jeffery A.
Format: Book
Language:English
Published: Westport, Conn. : Greenwood Press, 1979.
Series:Contributions in military history ; no. 18.
Subjects:

MARC

Tag First Indicator Second Indicator Subfields
LEADER 00000pam a2200000 i 4500
001 in00000097395
005 20150925114836.0
008 790518s1979 ctua b 00110 eng
010 |a  78022725  
020 |a 0313210926 
035 |a (OCoLC)05103351 
035 |9 AAL2852AM 
040 |a DLC  |c DLC  |d TXA  |d UtOrBLW 
043 |a e-fr--- 
049 |a TXAM  |c [1191441]  |a TXAS [mil] 
050 0 0 |a D761  |b .G85 
082 0 |a 940.54/0944 
090 |a D761  |b .G85 1979 
100 1 |a Gunsburg, Jeffery A. 
245 1 0 |a Divided and conquered :  |b the French high command and the defeat of the West, 1940 /  |c Jeffery A. Gunsburg. 
264 1 |a Westport, Conn. :  |b Greenwood Press,  |c 1979. 
300 |a xxiii, 303 pages :  |b illustrations ;  |c 25 cm. 
336 |a text  |b txt  |2 rdacontent 
337 |a unmediated  |b n  |2 rdamedia 
338 |a volume  |b nc  |2 rdacarrier 
490 1 |a Contributions in military history,  |x 0084-9251 ;  |v no. 18 
504 |a Bibliography: pages [287]-290. 
650 0 |a World War, 1939-1945  |z France. 
651 0 |a France  |x History  |y 1914-1940. 
830 0 |a Contributions in military history ;  |v no. 18. 
999 |a MARS 
999 f f |s 0b5021b3-7ca0-3454-acc0-fc2138693549  |i 9d11bc6f-0b9d-3a09-b702-8a801cb566d0  |t 0 
952 f f |p noncirc  |a Texas A&M University  |b College Station  |c Cushing Memorial Library & Archives  |s cush mil  |d Cushing: Ragan Military (Does not check out)  |t 0  |e D761 .G85 1979  |h Library of Congress classification  |i unmediated -- volume  |m A14852156273 
998 f f |a D761 .G85 1979  |t 0  |l Cushing: Ragan Military (Does not check out)